How to design and report experiments / (Record no. 688)

MARC details
000 -LEADER
fixed length control field 01172cam a22003014a 4500
001 - CONTROL NUMBER
control field 12812772
005 - DATE AND TIME OF LATEST TRANSACTION
control field 20231101102719.0
008 - FIXED-LENGTH DATA ELEMENTS--GENERAL INFORMATION
fixed length control field 020611s2003 enka b 001 0 eng
010 ## - LIBRARY OF CONGRESS CONTROL NUMBER
LC control number 2002108293
020 ## - INTERNATIONAL STANDARD BOOK NUMBER
International Standard Book Number 0761973826
020 ## - INTERNATIONAL STANDARD BOOK NUMBER
International Standard Book Number 0761973834 (pbk.)
035 ## - SYSTEM CONTROL NUMBER
System control number (DLC) 2002108293
040 ## - CATALOGING SOURCE
Original cataloging agency DLC
Transcribing agency KMU
Modifying agency KMU
Description conventions rda
042 ## - AUTHENTICATION CODE
Authentication code pcc
050 00 - LIBRARY OF CONGRESS CALL NUMBER
Classification number QA 279 Fie
100 1# - MAIN ENTRY--PERSONAL NAME
Personal name Field, Andy P.
245 10 - TITLE STATEMENT
Title How to design and report experiments /
Statement of responsibility, etc. Andy Field, Graham Hole.
260 ## - PUBLICATION, DISTRIBUTION, ETC.
Place of publication, distribution, etc. London ;
-- Thousand Oaks, Calif. :
Name of publisher, distributor, etc. Sage publications Ltd.,
Date of publication, distribution, etc. 2003.
300 ## - PHYSICAL DESCRIPTION
Extent xii, 384 p. :
Other physical details ill. ;
Dimensions 24 cm.
504 ## - BIBLIOGRAPHY, ETC. NOTE
Bibliography, etc. note Includes bibliographical references (p. [373]-377) and index.
650 #0 - SUBJECT ADDED ENTRY--TOPICAL TERM
Topical term or geographic name entry element Experimental design.
700 1# - ADDED ENTRY--PERSONAL NAME
Personal name Hole, Graham.
856 41 - ELECTRONIC LOCATION AND ACCESS
Materials specified Table of contents only
Uniform Resource Identifier <a href="http://www.loc.gov/catdir/toc/fy037/2002108293.html">http://www.loc.gov/catdir/toc/fy037/2002108293.html</a>
856 42 - ELECTRONIC LOCATION AND ACCESS
Materials specified Publisher description
Uniform Resource Identifier <a href="http://www.loc.gov/catdir/enhancements/fy0658/2002108293-d.html">http://www.loc.gov/catdir/enhancements/fy0658/2002108293-d.html</a>
906 ## - LOCAL DATA ELEMENT F, LDF (RLIN)
a 7
b cbc
c orignew
d 2
e epcn
f 20
g y-gencatlg
942 ## - ADDED ENTRY ELEMENTS (KOHA)
Source of classification or shelving scheme Library of Congress Classification
Koha item type Non-Fiction
Suppress in OPAC No
Holdings
Withdrawn status Lost status Source of classification or shelving scheme Damaged status Not for loan Collection Home library Current library Shelving location Date acquired Source of acquisition Total Checkouts Full call number Barcode Date last seen Date last checked out Price effective from Koha item type Date due
    Library of Congress Classification     Non-fiction Kapasa Makasa University Kapasa Makasa University Open Access 01.11.2023 Zambia Library Service 1 QA 279 Fie 300626 05.09.2024 28.08.2024 01.11.2023 Non-Fiction  
    Library of Congress Classification     Non-fiction Kapasa Makasa University Kapasa Makasa University Open Access 18.12.2023 Zambia Library Service   QA 279 Fie 747301 18.12.2023   18.12.2023 Non-Fiction  
    Library of Congress Classification     Non-fiction Kapasa Makasa University Kapasa Makasa University Open Access 18.12.2023 Zambia Library Service 1 QA 279 Fie 746260 09.04.2026 09.04.2026 18.12.2023 Non-Fiction 07.06.2026